[Event "DEM U10 2023"]
[Site "Willingen GER"]
[Date "2023.05.28"]
[Round "2"]
[White "Prashanthakumar, Arnesh"]
[Black "Becker, Linus"]
[Result "0-1"]
[Termination "normal"]
[Board "22"]
[WhiteElo "1395"]
[BlackElo "1445"]
[WhiteClock "00:31:41"]
[BlackClock "00:57:35"]
[PlyCount "74"]
[WhiteFideId "34604073"]
[BlackFideId "34614958"]
[EventCountry "GER"]
[EventRounds "11"]
[EventType "swiss"]
[EventDate "2023.05.27"]

1. e4 {[%clk 01:15:56]} {[%emt 00:00:03]} c5 {[%clk 01:15:55]} {[%emt
00:00:06]} 2. Nf3 {[%clk 01:16:00]} {[%emt 00:00:26]} Nc6 {[%clk 01:16:20]}
{[%emt 00:00:06]} 3. d4 {[%clk 01:15:54]} {[%emt 00:00:36]} cxd4 {[%clk
01:16:44]} {[%emt 00:00:06]} 4. Nxd4 {[%clk 01:16:03]} {[%emt 00:00:20]} g6
{[%clk 01:17:05]} {[%emt 00:00:08]} 5. Nc3 {[%clk 01:15:28]} {[%emt 00:01:05]}
Bg7 {[%clk 01:17:24]} {[%emt 00:00:11]} 6. Be3 {[%clk 01:14:56]} {[%emt
00:01:02]} Nf6 {[%clk 01:17:42]} {[%emt 00:00:13]} 7. Bc4 {[%clk 01:14:43]}
{[%emt 00:00:42]} O-O {[%clk 01:18:03]} {[%emt 00:00:08]} 8. f3 {[%clk
01:14:26]} {[%emt 00:00:47]} Qb6 {[%clk 01:17:54]} {[%emt 00:00:38]} 9. Rb1
{[%clk 01:10:25]} {[%emt 00:04:33]} Ng4 10. fxg4 {[%clk 01:06:47]} Bxd4 {[%clk
01:11:33]} {[%emt 00:01:55]} 11. Bxd4 {[%clk 01:05:33]} {[%emt 00:01:44]} Qxd4
{[%clk 01:11:08]} {[%emt 00:00:56]} 12. Qxd4 {[%clk 01:04:00]} {[%emt
00:02:03]} Nxd4 {[%clk 01:11:29]} {[%emt 00:00:10]} 13. Kd2 {[%clk 00:58:14]}
{[%emt 00:06:14]} d6 {[%clk 01:11:10]} {[%emt 00:00:49]} 14. h3 {[%clk
00:57:27]} {[%emt 00:01:17]} Bd7 {[%clk 01:10:51]} {[%emt 00:00:50]} 15. Rhf1
{[%clk 00:54:44]} {[%emt 00:03:12]} Rac8 {[%clk 01:10:49]} {[%emt 00:00:33]}
16. Bd5 {[%clk 00:51:54]} {[%emt 00:03:19]} b5 {[%clk 01:09:27]} {[%emt
00:01:54]} 17. a3 {[%clk 00:48:41]} {[%emt 00:03:42]} a5 {[%clk 01:09:03]}
{[%emt 00:00:54]} 18. Rbc1 {[%clk 00:47:43]} {[%emt 00:01:26]} Rc7 {[%clk
01:07:22]} {[%emt 00:02:15]} 19. Ne2 {[%clk 00:46:02]} {[%emt 00:02:10]} Nxe2
{[%clk 01:05:33]} {[%emt 00:02:19]} 20. Kxe2 {[%clk 00:46:07]} {[%emt
00:00:26]} e6 {[%clk 01:05:44]} {[%emt 00:00:19]} 21. Ba2 {[%clk 00:44:34]}
{[%emt 00:02:02]} Rfc8 {[%clk 01:05:50]} {[%emt 00:00:24]} 22. c3 {[%clk
00:43:19]} {[%emt 00:01:45]} b4 {[%clk 01:02:43]} {[%emt 00:03:38]} 23. axb4
{[%clk 00:40:53]} {[%emt 00:02:56]} axb4 {[%clk 01:02:53]} {[%emt 00:00:20]}
24. Kd2 {[%clk 00:40:58]} {[%emt 00:00:24]} Rb7 {[%clk 00:59:32]} {[%emt
00:03:52]} 25. cxb4 {[%clk 00:39:11]} {[%emt 00:02:17]} Rxc1 {[%clk 00:58:55]}
{[%emt 00:01:06]} 26. Rxc1 {[%clk 00:36:41]} {[%emt 00:03:00]} Rxb4 {[%clk
00:57:03]} {[%emt 00:02:24]} 27. Kc3 {[%clk 00:33:37]} {[%emt 00:03:33]} Rxe4
{[%clk 00:56:07]} {[%emt 00:01:25]} 28. b4 {[%clk 00:33:21]} {[%emt 00:00:47]}
Re2 {[%clk 00:56:10]} {[%emt 00:00:27]} 29. Rc2 {[%clk 00:33:18]} {[%emt
00:00:33]} Rxc2+ {[%clk 00:56:04]} {[%emt 00:00:36]} 30. Kxc2 {[%clk 00:32:57]}
{[%emt 00:00:49]} Bb5 {[%clk 00:56:15]} {[%emt 00:00:20]} 31. g3 {[%clk
00:32:36]} {[%emt 00:00:51]} Kf8 {[%clk 00:56:30]} {[%emt 00:00:15]} 32. Kc3
{[%clk 00:31:36]} {[%emt 00:01:29]} Ke7 {[%clk 00:56:52]} {[%emt 00:00:10]} 33.
Bc4 {[%clk 00:31:42]} {[%emt 00:00:21]} Bxc4 {[%clk 00:57:02]} {[%emt
00:00:22]} 34. Kxc4 {[%clk 00:31:41]} {[%emt 00:00:31]} Kd7 {[%clk 00:57:16]}
{[%emt 00:00:16]} 35. Kb5 {[%clk 00:31:19]} {[%emt 00:00:52]} Kc7 {[%clk
00:57:33]} {[%emt 00:00:13]} 36. Ka6 {[%clk 00:31:24]} {[%emt 00:00:24]} Kb8
{[%clk 00:57:20]} {[%emt 00:00:44]} 37. Kb6 {[%clk 00:31:41]} {[%emt 00:00:13]}
e5 {[%clk 00:57:35]} {[%emt 00:00:15]} 0-1

[Event "DEM U10 2023"]
[Site "Willingen GER"]
[Date "2023.05.28"]
[Round "2"]
[White "Gendzelevsky, Stefan"]
[Black "Rusch, Levi Adrian"]
[Result "1-0"]
[Termination "normal"]
[Board "23"]
[WhiteElo "1442"]
[BlackElo "1151"]
[WhiteClock "01:08:16"]
[BlackClock "01:15:52"]
[PlyCount "65"]
[WhiteFideId "34637672"]
[BlackFideId "34660224"]
[EventCountry "GER"]
[EventRounds "11"]
[EventType "swiss"]
[EventDate "2023.05.27"]

1. e4 {[%clk 01:15:58]} {[%emt 00:00:02]} e6 {[%clk 01:15:58]} {[%emt
00:00:03]} 2. d4 {[%clk 01:16:22]} {[%emt 00:00:05]} d5 {[%clk 01:16:22]}
{[%emt 00:00:06]} 3. exd5 {[%clk 01:16:45]} {[%emt 00:00:06]} exd5 {[%clk
01:16:49]} {[%emt 00:00:04]} 4. Bd3 {[%clk 01:17:00]} {[%emt 00:00:14]} Nc6
{[%clk 01:16:42]} {[%emt 00:00:38]} 5. Nf3 {[%clk 01:17:19]} {[%emt 00:00:10]}
Bg4 {[%clk 01:17:04]} {[%emt 00:00:09]} 6. c3 {[%clk 01:17:32]} {[%emt
00:00:17]} Bd6 {[%clk 01:17:00]} {[%emt 00:00:34]} 7. Be3 {[%clk 01:15:28]}
{[%emt 00:02:33]} Nf6 {[%clk 01:16:51]} {[%emt 00:00:40]} 8. Nbd2 {[%clk
01:15:26]} {[%emt 00:00:32]} Qe7 {[%clk 01:17:01]} {[%emt 00:00:21]} 9. Qc2
{[%clk 01:14:49]} {[%emt 00:01:05]} Bf4 {[%clk 01:16:52]} {[%emt 00:00:41]} 10.
O-O-O {[%clk 01:13:46]} {[%emt 00:01:32]} Bxe3 {[%clk 01:16:31]} {[%emt
00:00:52]} 11. fxe3 {[%clk 01:14:15]} {[%emt 00:01:32]} O-O {[%clk 01:15:36]}
12. h3 {[%clk 01:14:15]} {[%emt 00:00:23]} Bd7 {[%clk 01:15:29]} 13. e4 {[%clk
01:12:09]} {[%emt 00:03:14]} dxe4 {[%clk 01:15:43]} 14. Nxe4 {[%clk 01:12:07]}
{[%emt 00:00:47]} Nxe4 {[%clk 01:16:07]} 15. Bxe4 {[%clk 01:12:29]} {[%emt
00:00:14]} g6 {[%emt 00:00:15]} 16. Rde1 {[%clk 01:11:41]} {[%emt 00:01:16]}
Be6 {[%clk 01:16:38]} {[%emt 00:00:18]} 17. d5 {[%clk 01:11:54]} {[%emt
00:00:16]} Bd7 {[%clk 01:15:04]} {[%emt 00:02:05]} 18. dxc6 {[%clk 01:12:15]}
{[%emt 00:00:08]} bxc6 {[%clk 01:15:05]} {[%emt 00:00:29]} 19. Bxc6 {[%clk
01:12:38]} {[%emt 00:00:07]} Qc5 {[%clk 01:14:37]} {[%emt 00:00:59]} 20. Bxa8
{[%clk 01:11:25]} {[%emt 00:01:42]} Rxa8 {[%clk 01:14:44]} {[%emt 00:00:23]}
21. Nd4 {[%clk 01:11:35]} {[%emt 00:00:19]} Qg5+ {[%clk 01:14:47]} {[%emt
00:00:28]} 22. Qd2 {[%clk 01:10:51]} {[%emt 00:01:13]} Qa5 {[%clk 01:15:06]}
{[%emt 00:00:11]} 23. Nb3 {[%clk 01:09:34]} {[%emt 00:01:47]} Qxa2 {[%clk
01:14:51]} {[%emt 00:00:45]} 24. Qxd7 {[%clk 01:08:56]} {[%emt 00:01:08]} Qxb3
{[%clk 01:14:49]} {[%emt 00:00:33]} 25. Re8+ {[%clk 01:09:19]} {[%emt
00:00:06]} Rxe8 {[%clk 01:14:46]} {[%emt 00:00:32]} 26. Qxe8+ {[%clk 01:09:42]}
{[%emt 00:00:07]} Kg7 {[%clk 01:15:12]} {[%emt 00:00:06]} 27. Qe5+ {[%clk
01:09:57]} {[%emt 00:00:11]} Kg8 {[%clk 01:15:23]} {[%emt 00:00:23]} 28. Rd1
{[%clk 01:08:58]} {[%emt 00:01:28]} h5 {[%clk 01:15:29]} {[%emt 00:00:24]} 29.
Rd7 {[%clk 01:07:36]} {[%emt 00:01:50]} Qa4 {[%clk 01:15:16]} {[%emt 00:00:45]}
30. Qe8+ {[%clk 01:07:56]} {[%emt 00:00:09]} Kh7 {[%clk 01:15:29]} {[%emt
00:00:17]} 31. Rxf7+ {[%clk 01:08:05]} {[%emt 00:00:19]} Kh6 {[%clk 01:15:34]}
{[%emt 00:00:27]} 32. Qe3+ {[%clk 01:08:23]} {[%emt 00:00:09]} g5 {[%clk
01:15:52]} {[%emt 00:00:16]} 33. Qe6# {[%clk 01:08:16]} {[%emt 00:00:05]} 1-0

[Event "DEM U10 2023"]
[Site "Willingen GER"]
[Date "2023.05.28"]
[Round "2"]
[White "Khanbekyan, Aram"]
[Black "Wettstein, Levin"]
[Result "0-1"]
[Termination "normal"]
[Board "25"]
[WhiteElo "1328"]
[BlackElo "1416"]
[WhiteClock "00:46:20"]
[BlackClock "01:10:33"]
[PlyCount "34"]
[WhiteFideId "34606149"]
[BlackFideId "34635866"]
[EventCountry "GER"]
[EventRounds "11"]
[EventType "swiss"]
[EventDate "2023.05.27"]

1. e4 {[%clk 01:15:57]} {[%emt 00:00:02]} e5 {[%clk 01:15:53]} {[%emt
00:00:07]} 2. Nf3 {[%clk 01:16:14]} {[%emt 00:00:13]} Nc6 {[%clk 01:16:15]}
{[%emt 00:00:10]} 3. d4 {[%clk 01:16:05]} {[%emt 00:00:37]} exd4 {[%clk
01:16:37]} {[%emt 00:00:08]} 4. Bc4 {[%clk 01:16:20]} {[%emt 00:00:14]} Bb4+
{[%clk 01:16:48]} {[%emt 00:00:20]} 5. c3 {[%clk 01:15:38]} {[%emt 00:01:12]}
dxc3 {[%clk 01:17:06]} {[%emt 00:00:12]} 6. bxc3 {[%clk 01:15:51]} {[%emt
00:00:17]} Ba5 {[%clk 01:17:24]} {[%emt 00:00:12]} 7. O-O {[%clk 01:15:00]}
{[%emt 00:01:20]} Bb6 {[%clk 01:17:44]} {[%emt 00:00:10]} 8. Ng5 {[%clk
01:13:46]} {[%emt 00:01:42]} Nh6 {[%clk 01:17:55]} {[%emt 00:00:21]} 9. Qf3
{[%clk 01:12:53]} {[%emt 00:00:58]} Ne5 {[%clk 01:17:55]} {[%emt 00:00:55]} 10.
Qe2 {[%clk 01:05:31]} {[%emt 00:07:29]} Nxc4 {[%clk 01:17:28]} {[%emt
00:01:20]} 11. Qxc4 {[%clk 01:04:37]} {[%emt 00:01:22]} O-O {[%clk 01:16:11]}
{[%emt 00:01:47]} 12. Bf4 {[%clk 00:58:29]} {[%emt 00:05:44]} d6 {[%clk
01:15:28]} {[%emt 00:02:08]} 13. Rd1 {[%clk 00:55:54]} {[%emt 00:02:02]} Qf6
{[%clk 01:15:21]} {[%emt 00:01:39]} 14. Bc1 {[%clk 00:53:24]} {[%emt 00:02:50]}
Qxf2+ {[%clk 01:15:24]} {[%emt 00:00:37]} 15. Kh1 {[%clk 00:49:52]} {[%emt
00:04:01]} Ng4 {[%clk 01:10:40]} {[%emt 00:05:15]} 16. Rf1 {[%clk 00:46:19]}
{[%emt 00:04:03]} Qg1+ {[%clk 01:10:33]} {[%emt 00:00:38]} 17. Rxg1 {[%clk
00:46:20]} {[%emt 00:00:27]} Nf2# {[%emt 00:00:47]} 0-1

[Event "DEM U10 2023"]
[Site "Willingen GER"]
[Date "2023.05.28"]
[Round "2"]
[White "Burban, Bogdan"]
[Black "König, Lian"]
[Result "1-0"]
[Termination "normal"]
[Board "26"]
[WhiteElo "1300"]
[BlackElo "924"]
[WhiteClock "00:49:52"]
[BlackClock "00:50:41"]
[PlyCount "50"]
[WhiteFideId "34609040"]
[BlackFideId "34660216"]
[EventCountry "GER"]
[EventRounds "11"]
[EventType "swiss"]
[EventDate "2023.05.27"]

1. d4 {[%clk 01:15:57]} {[%emt 00:00:03]} d5 {[%clk 01:15:55]} {[%emt
00:00:06]} 2. c4 {[%clk 01:16:16]} {[%emt 00:00:11]} e6 {[%clk 01:16:06]}
{[%emt 00:00:18]} 3. Nc3 {[%clk 01:16:35]} {[%emt 00:00:12]} Nf6 {[%clk
01:16:18]} {[%emt 00:00:18]} 4. cxd5 {[%clk 01:16:50]} {[%emt 00:00:15]} exd5
{[%clk 01:15:19]} {[%emt 00:01:29]} 5. Bg5 {[%clk 01:17:08]} {[%emt 00:00:12]}
c6 {[%clk 01:15:00]} {[%emt 00:00:49]} 6. e3 {[%clk 01:16:44]} {[%emt
00:00:54]} Be7 {[%clk 01:14:23]} {[%emt 00:01:07]} 7. Bd3 {[%clk 01:16:59]}
{[%emt 00:00:16]} h6 {[%clk 01:13:42]} {[%emt 00:01:10]} 8. Bh4 {[%clk
01:16:52]} {[%emt 00:00:36]} O-O {[%clk 01:13:36]} {[%emt 00:00:35]} 9. Nf3
{[%clk 01:16:38]} {[%emt 00:00:45]} Bg4 {[%clk 01:12:57]} {[%emt 00:01:08]} 10.
O-O {[%clk 01:15:33]} {[%emt 00:01:36]} Nbd7 {[%clk 01:11:41]} {[%emt
00:01:46]} 11. h3 {[%clk 01:13:18]} {[%emt 00:02:45]} Bxf3 {[%clk 01:11:33]}
{[%emt 00:00:39]} 12. Qxf3 {[%clk 01:13:20]} {[%emt 00:00:27]} Qc7 {[%clk
01:09:31]} {[%emt 00:02:32]} 13. Rac1 {[%clk 01:12:19]} {[%emt 00:01:32]} Qb6
{[%clk 01:04:49]} {[%emt 00:05:10]} 14. Rfd1 {[%clk 01:05:57]} {[%emt
00:06:53]} Qxb2 {[%clk 01:03:17]} {[%emt 00:02:01]} 15. Qf5 {[%clk 01:02:13]}
{[%emt 00:04:15]} Rfe8 {[%clk 01:00:59]} {[%emt 00:02:47]} 16. e4 {[%clk
01:00:03]} {[%emt 00:02:41]} dxe4 {[%clk 01:00:17]} {[%emt 00:01:11]} 17. Nxe4
{[%clk 00:59:21]} {[%emt 00:01:12]} Qxd4 {[%clk 00:58:10]} {[%emt 00:02:37]}
18. Nxf6+ {[%clk 00:58:37]} {[%emt 00:01:13]} Nxf6 {[%clk 00:57:24]} {[%emt
00:01:16]} 19. Bxf6 {[%clk 00:58:27]} {[%emt 00:00:41]} Bxf6 {[%emt 00:03:46]}
20. Qh7+ {[%clk 00:55:52]} {[%emt 00:01:19]} Kf8 {[%clk 00:55:59]} {[%emt
00:00:24]} 21. Qh8+ {[%clk 00:55:37]} {[%emt 00:00:46]} Ke7 {[%clk 00:55:47]}
{[%emt 00:00:42]} 22. Re1+ {[%clk 00:55:22]} {[%emt 00:00:45]} Be5 {[%clk
00:55:15]} {[%emt 00:01:02]} 23. Qxg7 {[%clk 00:54:58]} {[%emt 00:00:55]} Kd6
{[%clk 00:53:18]} {[%emt 00:02:27]} 24. Qxh6+ {[%clk 00:54:09]} {[%emt
00:01:19]} Kc7 {[%clk 00:52:48]} {[%emt 00:01:00]} 25. Qh7 {[%clk 00:49:52]}
{[%emt 00:04:46]} Qxd3 {[%clk 00:50:41]} {[%emt 00:02:38]} 1-0

[Event "DEM U10 2023"]
[Site "Willingen GER"]
[Date "2023.05.28"]
[Round "2"]
[White "Döscher, Rasmus"]
[Black "Shivkumar, Shreyas"]
[Result "0-1"]
[Termination "normal"]
[Board "27"]
[WhiteElo "1049"]
[BlackElo "1394"]
[WhiteClock "00:47:25"]
[BlackClock "01:07:59"]
[PlyCount "104"]
[WhiteFideId "34625038"]
[BlackFideId "34638407"]
[EventCountry "GER"]
[EventRounds "11"]
[EventType "swiss"]
[EventDate "2023.05.27"]

1. d4 {[%clk 01:15:58]} {[%emt 00:00:01]} d5 {[%clk 01:15:48]} {[%emt
00:00:12]} 2. c4 {[%clk 01:16:16]} {[%emt 00:00:12]} e6 {[%clk 01:16:10]}
{[%emt 00:00:09]} 3. Nf3 {[%clk 01:16:34]} {[%emt 00:00:11]} c5 {[%clk
01:16:17]} {[%emt 00:00:24]} 4. cxd5 {[%clk 01:16:30]} {[%emt 00:00:34]} exd5
{[%clk 01:16:34]} {[%emt 00:00:13]} 5. e3 {[%clk 01:16:33]} {[%emt 00:00:26]}
Nc6 {[%clk 01:16:48]} {[%emt 00:00:16]} 6. Nc3 {[%clk 01:16:35]} {[%emt
00:00:27]} Nf6 {[%clk 01:16:00]} {[%emt 00:01:18]} 7. Be2 {[%clk 01:15:58]}
{[%emt 00:01:07]} Bd6 {[%clk 01:15:42]} {[%emt 00:00:49]} 8. O-O {[%clk
01:15:50]} {[%emt 00:00:38]} O-O {[%clk 01:16:02]} {[%emt 00:00:10]} 9. dxc5
{[%clk 01:15:23]} {[%emt 00:00:57]} Bxc5 {[%clk 01:16:21]} {[%emt 00:00:11]}
10. Nd4 {[%emt 00:03:57]} Qd6 {[%clk 01:15:17]} 11. Bf3 {[%clk 01:12:23]}
{[%emt 00:01:37]} Be6 {[%clk 01:14:11]} {[%emt 00:01:36]} 12. Nxe6 {[%clk
01:10:34]} {[%emt 00:02:19]} fxe6 {[%clk 01:14:34]} {[%emt 00:00:07]} 13. Bd2
{[%clk 01:07:14]} {[%emt 00:03:49]} e5 {[%clk 01:14:01]} {[%emt 00:01:04]} 14.
Bxd5+ {[%clk 01:06:19]} {[%emt 00:01:24]} Nxd5 {[%clk 01:13:22]} {[%emt
00:01:10]} 15. Ne4 {[%clk 01:04:59]} {[%emt 00:01:49]} Qe7 {[%clk 01:13:33]}
{[%emt 00:00:19]} 16. Bc3 {[%clk 01:04:06]} {[%emt 00:01:22]} Nxc3 {[%clk
01:13:33]} {[%emt 00:00:31]} 17. bxc3 {[%clk 01:04:09]} {[%emt 00:00:26]} Rad8
{[%clk 01:13:54]} {[%emt 00:00:09]} 18. Qb3+ {[%clk 01:03:46]} {[%emt
00:00:51]} Kh8 {[%clk 01:13:47]} {[%emt 00:00:38]} 19. Nxc5 {[%clk 01:03:37]}
{[%emt 00:00:39]} Qxc5 {[%clk 01:14:09]} {[%emt 00:00:09]} 20. Qxb7 {[%clk
01:03:35]} {[%emt 00:00:31]} Rf6 {[%clk 01:14:07]} {[%emt 00:00:31]} 21. Qb3
{[%clk 01:00:10]} {[%emt 00:03:57]} Rg6 {[%clk 01:14:17]} {[%emt 00:00:18]} 22.
Rfd1 {[%clk 00:59:46]} {[%emt 00:00:54]} Rgd6 {[%clk 01:13:12]} {[%emt
00:01:35]} 23. Rxd6 {[%clk 00:58:55]} {[%emt 00:01:21]} Qxd6 {[%clk 01:13:28]}
{[%emt 00:00:14]} 24. h3 {[%clk 00:58:20]} {[%emt 00:01:05]} h6 {[%clk
01:12:41]} {[%emt 00:01:18]} 25. Rb1 {[%clk 00:58:09]} {[%emt 00:00:40]} Rb8
{[%clk 01:12:16]} {[%emt 00:00:55]} 26. Qc2 {[%clk 00:55:51]} {[%emt 00:02:47]}
Rxb1+ {[%clk 01:12:39]} {[%emt 00:00:08]} 27. Qxb1 {[%clk 00:56:09]} {[%emt
00:00:12]} Qb8 {[%clk 01:12:49]} {[%emt 00:00:21]} 28. Qg6 {[%clk 00:56:05]}
{[%emt 00:00:33]} Na5 {[%clk 01:11:27]} {[%emt 00:01:53]} 29. a4 {[%clk
00:51:37]} {[%emt 00:04:47]} Nc4 {[%clk 01:11:38]} {[%emt 00:00:29]} 30. Qf5
{[%clk 00:51:11]} {[%emt 00:00:49]} Nd2 {[%clk 01:11:51]} {[%emt 00:00:17]} 31.
Qf7 {[%clk 00:50:35]} {[%emt 00:01:12]} Qb1+ {[%clk 01:11:49]} {[%emt
00:00:34]} 32. Kh2 {[%clk 00:50:38]} {[%emt 00:00:25]} Nf1+ {[%clk 01:11:43]}
{[%emt 00:00:38]} 33. Kg1 {[%clk 00:50:41]} {[%emt 00:00:26]} Nxe3+ {[%clk
01:10:44]} {[%emt 00:01:30]} 34. Kh2 {[%clk 00:50:56]} {[%emt 00:00:14]} Nf1+
{[%clk 01:10:45]} {[%emt 00:00:30]} 35. Kg1 {[%clk 00:51:10]} {[%emt 00:00:15]}
Nd2+ {[%clk 01:10:44]} {[%emt 00:00:33]} 36. Kh2 {[%clk 00:51:18]} {[%emt
00:00:21]} Qb8 {[%clk 01:10:50]} {[%emt 00:00:24]} 37. Qf5 {[%emt 00:01:36]}
e4+ {[%emt 00:00:36]} 38. g3 {[%clk 00:48:42]} {[%emt 00:00:54]} Nf3+ {[%clk
01:11:13]} {[%emt 00:00:08]} 39. Kg2 {[%clk 00:48:46]} {[%emt 00:00:25]} Qe5
{[%clk 01:10:14]} {[%emt 00:01:29]} 40. Qf7 {[%clk 00:47:22]} {[%emt 00:01:54]}
a5 {[%clk 01:09:13]} {[%emt 00:01:33]} 41. c4 {[%clk 00:47:09]} {[%emt
00:00:33]} Ng5 {[%clk 01:08:24]} {[%emt 00:01:29]} 42. Qf8+ {[%clk 00:46:33]}
{[%emt 00:01:06]} Kh7 {[%clk 01:08:46]} {[%emt 00:00:08]} 43. f4 {[%clk
00:46:12]} {[%emt 00:00:51]} Qb2+ {[%clk 01:09:00]} {[%emt 00:00:16]} 44. Kf1
{[%clk 00:46:06]} {[%emt 00:00:31]} Qc1+ {[%clk 01:09:02]} {[%emt 00:00:31]}
45. Ke2 {[%clk 00:46:18]} {[%emt 00:00:18]} Qc2+ {[%clk 01:09:07]} {[%emt
00:00:26]} 46. Ke3 {[%clk 00:46:29]} {[%emt 00:00:18]} Qd3+ {[%clk 01:08:55]}
{[%emt 00:00:43]} 47. Kf2 {[%clk 00:46:38]} {[%emt 00:00:20]} Qf3+ {[%clk
01:08:28]} {[%emt 00:00:57]} 48. Kg1 {[%clk 00:46:51]} {[%emt 00:00:16]} Qxg3+
{[%clk 01:07:32]} {[%emt 00:01:28]} 49. Kf1 {[%clk 00:47:01]} {[%emt 00:00:15]}
Qd3+ {[%clk 01:07:32]} {[%emt 00:00:33]} 50. Ke1 {[%clk 00:47:10]} {[%emt
00:00:17]} e3 {[%clk 01:07:24]} {[%emt 00:00:43]} 51. fxg5 {[%clk 00:47:10]}
{[%emt 00:00:30]} Qd2+ {[%clk 01:07:30]} {[%emt 00:00:24]} 52. Kf1 {[%clk
00:47:25]} {[%emt 00:00:13]} e2+ {[%clk 01:07:59]} {[%emt 00:00:03]} 0-1